BAL GANGADHAR TILAK POPULAR READINGS (Record no. 21631)

MARC details
000 -LEADER
fixed length control field 00342nam a2200133Ia 4500
008 - FIXED-LENGTH DATA ELEMENTS--GENERAL INFORMATION
fixed length control field 240624s9999 xx 000 0 und d
041 ## - LANGUAGE CODE
Language code of text/sound track or separate title eng
082 ## - DEWEY DECIMAL CLASSIFICATION NUMBER
Classification number 920 PAT
100 ## - MAIN ENTRY--PERSONAL NAME
Personal name PATI BISWAMOY
245 ## - TITLE STATEMENT
Title BAL GANGADHAR TILAK POPULAR READINGS
260 ## - PUBLICATION, DISTRIBUTION, ETC.
Date of publication, distribution, etc. 2011
Place of publication, distribution, etc. Delhi
Name of publisher, distributor, etc. Primus Books
300 ## - PHYSICAL DESCRIPTION
Extent ix, : 116 : p. : cm. ; 25
365 ## - TRADE PRICE
Currency code RS
Price amount 25
Holdings
Withdrawn status Lost status Damaged status Not for loan Home library Current library Shelving location Date acquired Source of acquisition Cost, normal purchase price Full call number Barcode Date last seen Copy number Price effective from Koha item type
        IMTN IMTN Rack 42-B 09/05/2013 IBH 595.00 920 PAT 21631 06/24/2024 1 06/24/2024 Books
Designed & Maintained by: LRC IMT Nagpur Contact: lrc@imtnag.ac.in© 2024. All Rights Reserved.